| 000 | 00484nam a2200169Ia 4500 | ||
|---|---|---|---|
| 003 | GCL | ||
| 008 | 140319s9999 xx 000 0 eng d | ||
| 040 |
_aGCL / _cGCL |
||
| 082 | 0 | 4 |
_a069.5 _bA M |
| 100 | 1 | _aAMBROSE, TIMOTHY | |
| 245 | 1 | 0 |
_aMANAGING NEW MUSEUMS: A GUIDE TO GOOD PRACTICE / _cAMBROSE, TIMOTHY |
| 260 |
_a[S.N] : _bSCOTTILSH MUSEUMS COUCIL ، _c1993 |
||
| 300 | _a141 P | ||
| 650 | 0 | 4 | _aMUSEUM - TECHNIQUES |
| 650 | 0 | 4 | _aMUSEUM - EDUCATIONAL ASPECTS |
| 942 |
_2ddc _cBK |
||
| 999 |
_c15138 _d15138 |
||